[Event "Caplin British Online"]
[Site "chess.com INT"]
[Date "2020.12.27"]
[Round "4.11"]
[White "Balaji, Aaravamudhan"]
[Black "Volovich, Julia"]
[Result "0-1"]
[WhiteTitle "CM"]
[WhiteElo "2206"]
[BlackElo "1674"]
[WhiteFideId "436224"]
[BlackFideId "447099"]
[EventDate "2020.12.21"]

1. d4 Nf6 2. c4 g6 3. Nc3 d5 4. cxd5 Nxd5 5. e4 Nxc3 6. bxc3 Bg7 7. Be3 c5 8.
Nf3 Qa5 9. Qd2 Nc6 10. Rc1 cxd4 11. cxd4 Qxd2+ 12. Kxd2 O-O 13. d5 Rd8 14. Bd3
Nb4 15. Bb1 f5 16. Rhd1 fxe4 17. Bxe4 Bf5 18. Bxf5 gxf5 19. Ke1 Nxd5 20. Bd4 e6
21. Ng5 Re8 22. Kf1 Bh6 23. h4 Bxg5 24. hxg5 Kf7 25. Rd3 Kg6 26. Be5 Rac8 27.
Re1 Kxg5 28. Rg3+ Kh5 29. Ke2 Rc4 30. Rh1+ Rh4 31. Rxh4+ Kxh4 32. Rg7 Rc8 33.
g3+ Kh5 34. Kf3 Rc2 35. a3 Ra2 36. Bd6 Rb2 37. Be5 Rb3+ 38. Kg2 Kh6 39. f4 Ne3+
40. Kh3 Ng4 41. Ba1 Rxa3 42. Kh4 Rxa1 43. Rg6+ Kxg6 0-1

[Event "Caplin British Online"]
[Site "chess.com INT"]
[Date "2020.12.27"]
[Round "4.14"]
[White "Shearsby, Jude"]
[Black "Varney, Zoe"]
[Result "1/2-1/2"]
[WhiteElo "1673"]
[BlackElo "1917"]
[WhiteFideId "462527"]
[BlackFideId "436135"]
[EventDate "2020.12.21"]

1. d4 d5 2. Bf4 Nf6 3. Nc3 e6 4. Nb5 Na6 5. e3 c6 6. Nc3 Nb8 7. Nf3 Bd6 8. Bd3
Bxf4 9. exf4 Nbd7 10. O-O O-O 11. Ne5 c5 12. Nf3 b6 13. Re1 Bb7 14. Nb1 c4 15.
Be2 Ne4 16. c3 Qc7 17. g3 f6 18. Bf1 Rae8 19. Nbd2 Nd6 20. Bh3 Ne4 21. Nxe4 dxe4
22. Nd2 f5 23. Qe2 Bd5 24. a4 Nf6 25. Bf1 Rc8 26. Bg2 h6 27. f3 exf3 28. Bxf3
Rce8 29. Qg2 a6 30. Re2 Re7 31. Rae1 Rfe8 32. h3 b5 33. axb5 axb5 34. Re5 Qb7
35. Kf2 1/2-1/2

[Event "Caplin British Online"]
[Site "chess.com INT"]
[Date "2020.12.27"]
[Round "4.16"]
[White "Stubbs, Oliver"]
[Black "Rathbone-Jones, Ifan"]
[Result "1-0"]
[WhiteElo "1905"]
[BlackElo "1941"]
[WhiteFideId "441325"]
[BlackFideId "1803859"]
[EventDate "2020.12.21"]

1. d4 Nf6 2. Nf3 c5 3. d5 d6 4. Nc3 e5 5. e4 h6 6. Bb5+ Bd7 7. a4 a6 8. Be2 Be7
9. Nd2 Qc7 10. O-O g5 11. Nc4 Bc8 12. a5 Nbd7 13. Be3 b5 14. axb6 Nxb6 15. Na5
Nh7 16. Bg4 Nf8 17. Bxc8 Qxc8 18. Ne2 Ng6 19. b4 Nd7 20. bxc5 Nxc5 21. Ng3 h5
22. f3 Nh4 23. Nc6 Bf6 24. Qd2 Ne6 25. dxe6 Qxc6 26. Bxg5 Bxg5 27. Qxg5 Qb6+ 28.
Kh1 Qd8 29. Qxd8+ Kxd8 30. exf7 Ke7 31. Rfd1 Rh6 32. Ra5 Kxf7 33. Rda1 Rhh8 34.
Rxa6 Rxa6 35. Rxa6 Rc8 36. Ra2 Kg6 37. Kg1 Kg5 38. Kf2 Ng6 39. Ne2 Rc6 40. g3
Ne7 41. c3 Kf6 42. Ra5 Ng6 43. Ke3 h4 44. Kd3 Rc7 45. Ra6 Ke7 46. f4 hxg3 47.
hxg3 Nf8 48. Ra1 Nd7 49. Rh1 Rc6 50. Rh7+ Kd8 51. Ke3 Nf6 52. Rf7 d5 53. fxe5
Nxe4 54. Kd4 Ng5 55. Rf6 Rc4+ 56. Kxd5 Re4 57. Nd4 Re3 58. Ne6+ Nxe6 59. Kxe6
Rxg3 60. Rf8+ Kc7 61. c4 Rg4 62. c5 Kc6 63. Rc8+ Kb7 64. Rd8 Kc7 65. Rd1 Kc6 66.
Kf5 Rg8 67. e6 Rg2 68. e7 Rf2+ 69. Ke6 Re2+ 70. Kf7 Rf2+ 71. Ke8 Ra2 72. Rd6+
Kc7 73. Kf7 1-0

[Event "Caplin British Online"]
[Site "chess.com INT"]
[Date "2020.12.27"]
[Round "4.17"]
[White "Idle, Oscar"]
[Black "Finn, Peter"]
[Result "1-0"]
[WhiteElo "1722"]
[BlackElo "1959"]
[WhiteFideId "439347"]
[BlackFideId "432156"]
[EventDate "2020.12.21"]

1. d4 d5 2. c4 e6 3. Nf3 Nf6 4. g3 Be7 5. Bg2 O-O 6. O-O dxc4 7. Qc2 b5 8. a4 b4
9. Qxc4 Ba6 10. Qc2 Nbd7 11. Ne5 Nxe5 12. Bxa8 Qxd4 13. Bg2 c5 14. Rd1 Qg4 15.
f3 Qc4 16. Qxc4 Bxc4 17. f4 Ng6 18. e4 Bb3 19. Re1 Rd8 20. Nd2 Bc2 21. e5 Ng4
22. Nc4 Bd3 23. Ne3 Nxe3 24. Bxe3 c4 25. Bxa7 c3 26. b3 f6 27. Bb6 Rc8 28. a5 c2
29. Bb7 Rb8 30. a6 Bxa6 31. Bxa6 Rxb6 32. Bd3 fxe5 33. fxe5 Bc5+ 34. Kg2 Rb8 35.
Bxg6 hxg6 36. Rac1 Bd4 37. Rxc2 Bc3 38. Re4 Ra8 39. Rc4 Ra5 40. Rc8+ Kf7 41.
Rf2+ Ke7 42. Rc7+ Ke8 43. Rxg7 Bxe5 44. Rxg6 Ke7 45. h4 Ra3 46. Re2 Bf6 47. Re3
Ra6 48. h5 Bc3 49. h6 Kf7 50. Rg4 e5 51. Rf3+ Ke7 52. h7 Rh6 53. Rh4 Rxh4 54.
gxh4 e4 55. Rxc3 bxc3 56. h8=Q 1-0

[Event "Caplin British Online"]
[Site "chess.com INT"]
[Date "2020.12.28"]
[Round "5.2"]
[White "Turner, Matthew J"]
[Black "Claridge-Hansen, William"]
[Result "1-0"]
[WhiteTitle "GM"]
[BlackTitle "FM"]
[WhiteElo "2509"]
[BlackElo "2290"]
[WhiteFideId "402893"]
[BlackFideId "422509"]
[EventDate "2020.12.21"]

1. Nf3 c5 2. g3 Nc6 3. d4 cxd4 4. Nxd4 g6 5. Bg2 Bg7 6. Nxc6 bxc6 7. O-O Rb8 8.
Nd2 Nf6 9. Nb3 Qc7 10. Bd2 O-O 11. Ba5 Qe5 12. Bc3 Qc7 13. e4 d6 14. Re1 Nd7 15.
Bxg7 Kxg7 16. Nd2 c5 17. b3 a5 18. Nc4 Ba6 19. Ne3 Bb7 20. Qd2 a4 21. Qc3+ Kg8
22. Ng4 h5 23. Ne3 Nf6 24. Nc4 axb3 25. axb3 Ra8 26. Rxa8 Rxa8 27. Nxd6 exd6 28.
Qxf6 c4 29. b4 c3 30. h4 Ra2 31. e5 Bxg2 32. exd6 Qc6 33. b5 Qxb5 34. Kxg2 Rxc2
35. Re7 Qd5+ 36. Kh2 Rxf2+ 37. Qxf2 1-0

[Event "Caplin British Online"]
[Site "chess.com INT"]
[Date "2020.12.28"]
[Round "5.3"]
[White "Ghasi, Ameet K"]
[Black "Ismail, Mohammed Aayan"]
[Result "1-0"]
[WhiteTitle "IM"]
[WhiteElo "2485"]
[BlackElo "1719"]
[WhiteFideId "409200"]
[BlackFideId "465135"]
[EventDate "2020.12.21"]

1. Nf3 Nf6 2. g3 g6 3. Bg2 Bg7 4. O-O O-O 5. d3 d6 6. e4 c5 7. Re1 Nc6 8. c3 Qc7
9. h3 Bd7 10. a4 Rab8 11. Na3 a6 12. Nc4 b5 13. axb5 axb5 14. Ne3 b4 15. d4 cxd4
16. cxd4 Qc8 17. e5 dxe5 18. dxe5 Ne8 19. Nd5 Nc7 20. Nxc7 Qxc7 21. Bf4 e6 22.
Rc1 Rfd8 23. Nd4 Rb6 24. Qc2 Rc8 25. Red1 Bxe5 26. Bxe5 Qxe5 27. Nf3 Qc7 28. Qc5
Ra6 29. Ng5 Kg7 30. Ne4 Ra5 31. Qe3 Rd5 32. Nc5 Rxd1+ 33. Rxd1 Be8 34. Re1 Qd6
35. Ne4 Qd4 36. Qf4 Rd8 37. Qc7 Qd7 38. Qf4 Qd4 39. h4 Qxb2 40. h5 Qe5 41. h6+
Kh8 42. Qc1 Nd4 43. Re3 Qa5 44. Qb2 e5 45. Nf6 b3 46. Kh2 Qa2 47. Qc3 Qxf2 48.
Qc5 Nf3+ 49. Kh3 Ng1+ 50. Kh2 Bc6 51. Ne4 Bxe4 52. Qxe5+ f6 53. Qxe4 Rg8 54.
Rxb3 Ne2 55. Qe7 Qg1+ 56. Kh3 Qf2 57. Kh2 Qg1+ 58. Kh3 Qf2 59. Re3 Ng1+ 60. Kh2
Qb2 61. Kxg1 Qd4 62. Kh2 f5 63. Qf7 f4 64. gxf4 g5 65. Re4 Qd6 66. Re6 Qxf4+ 67.
Qxf4 gxf4 68. Be4 Rg5 69. Re8+ Rg8 70. Re7 Rg5 71. Re8+ Rg8 72. Re5 Rg4 73. Kh3
Rg3+ 74. Kh4 Rg1 75. Bd5 Rg8 76. Bxg8 Kxg8 77. Rf5 f3 78. Rxf3 Kh8 79. Rf8# 1-0

[Event "Caplin British Online"]
[Site "chess.com INT"]
[Date "2020.12.28"]
[Round "5.4"]
[White "Cox, Tristan A"]
[Black "O'Gorman, Tom"]
[Result "1-0"]
[BlackTitle "FM"]
[WhiteElo "2141"]
[BlackElo "2368"]
[WhiteFideId "410772"]
[BlackFideId "2508249"]
[EventDate "2020.12.21"]

1. d4 Nf6 2. c4 c5 3. d5 b5 4. cxb5 a6 5. e3 axb5 6. Bxb5 Qa5+ 7. Nc3 Bb7 8. Bd2
Qb6 9. Nf3 Nxd5 10. a4 e6 11. O-O Be7 12. e4 Nxc3 13. Bxc3 f6 14. Nh4 O-O 15.
Qg4 Ba6 16. Bxa6 Qxa6 17. f4 Nc6 18. Rf3 Qc4 19. Re1 Nd4 20. Rg3 Rf7 21. f5 Rxa4
22. Qh5 Qa6 23. Bxd4 cxd4 24. Ng6 h6 25. Nh8 1-0

[Event "Caplin British Online"]
[Site "chess.com INT"]
[Date "2020.12.28"]
[Round "5.5"]
[White "Volovich, Julia"]
[Black "Fernandez, Daniel Howard"]
[Result "0-1"]
[BlackTitle "GM"]
[WhiteElo "1674"]
[BlackElo "2466"]
[WhiteFideId "447099"]
[BlackFideId "5801605"]
[EventDate "2020.12.21"]

1. d4 Nf6 2. c4 c6 3. Nc3 d5 4. Nf3 a6 5. a4 Bf5 6. Qb3 Ra7 7. c5 Nbd7 8. Nh4
Bg6 9. f4 e6 10. Nxg6 hxg6 11. g3 b6 12. cxb6 Qxb6 13. Qxb6 Nxb6 14. a5 Nc8 15.
e3 Nd6 16. Bd3 Nf5 17. Kf2 c5 18. dxc5 Bxc5 19. Na4 Bb4 20. Nb6 Ng4+ 21. Kf3
Rxh2 22. Rxh2 Nxh2+ 23. Kg2 Ng4 24. Kf3 Nf6 25. Ra4 Bd6 26. Bd2 Bc7 27. Bc3 Nd6
28. Bd4 Nb5 29. Nxd5 Nxd4+ 0-1

[Event "Caplin British Online"]
[Site "chess.com INT"]
[Date "2020.12.28"]
[Round "5.6"]
[White "Tanmay, Chopra"]
[Black "Wadsworth, Matthew J"]
[Result "0-1"]
[BlackTitle "IM"]
[WhiteElo "2273"]
[BlackElo "2416"]
[WhiteFideId "25630946"]
[BlackFideId "415804"]
[EventDate "2020.12.21"]

1. e4 c5 2. Nf3 e6 3. d4 cxd4 4. Nxd4 Nc6 5. Nc3 Qc7 6. Qd3 Nxd4 7. Qxd4 a6 8.
Be3 b5 9. a4 b4 10. Na2 Rb8 11. Qa7 Qxa7 12. Bxa7 Ra8 13. Bd4 Bb7 14. Bd3 Nf6
15. f3 d5 16. e5 Nd7 17. O-O Be7 18. f4 g6 19. a5 O-O 20. Rfe1 Rfc8 21. Re2 Bc6
22. Kf2 Rcb8 23. Nc1 Nc5 24. Bxc5 Bxc5+ 25. Kf3 Bd4 26. Ra2 Bb5 27. Nb3 Ba7 28.
Bxb5 Rxb5 29. g4 Rc8 30. h4 Rc4 31. Ra1 Rb8 32. Rd1 Rbc8 33. Rdd2 Kg7 34. g5 h5
35. gxh6+ Kxh6 36. Nc1 b3 37. Nxb3 Rb4 38. Nc1 Rxb2 39. Nd3 Rb1 40. Rh2 Rf1+ 41.
Kg4 Rc4 42. Rde2 Re4 43. Rxe4 dxe4 44. Nb4 Be3 45. Re2 Rxf4+ 46. Kg3 Rf3+ 47.
Kg2 Kh5 48. Nxa6 Kg4 49. Nc7 Rg3+ 50. Kh2 Bg1+ 51. Kh1 Kf3 52. Rh2 Be3 0-1

[Event "Caplin British Online"]
[Site "chess.com INT"]
[Date "2020.12.28"]
[Round "5.7"]
[White "Lalic, Bogdan"]
[Black "Toma, Katarzyna"]
[Result "1-0"]
[WhiteTitle "GM"]
[BlackTitle "WGM"]
[WhiteElo "2402"]
[BlackElo "2289"]
[WhiteFideId "409081"]
[BlackFideId "1119907"]
[EventDate "2020.12.21"]

1. Nf3 Nf6 2. c4 g6 3. Nc3 d5 4. cxd5 Nxd5 5. Qa4+ Nc6 6. Ne5 Nb6 7. Nxc6 bxc6
8. Qxc6+ Bd7 9. Qc5 Bg7 10. g3 O-O 11. Bg2 Rb8 12. O-O Bg4 13. d3 Bd4 14. Qa5
Qd7 15. Bh6 Rfd8 16. Rac1 Nc8 17. Rc2 Nd6 18. Bc1 h5 19. Nd5 c5 20. b3 h4 21.
Qc7 hxg3 22. hxg3 Qxc7 23. Nxc7 Rd7 24. Nd5 Nb5 25. e3 Bg7 26. Rxc5 Be2 27. Re1
Bxd3 28. Rd1 Bf5 29. e4 Bg4 30. f3 Be6 31. Be3 Bxd5 32. Rcxd5 Rxd5 33. Rxd5 Nc3
34. Ra5 Nd1 35. Bc5 Rc8 36. b4 Rd8 37. Rxa7 Nc3 38. Bf1 Rd2 39. Rxe7 Rxa2 40.
Bc4 Ra1+ 41. Kg2 1-0

[Event "Caplin British Online"]
[Site "chess.com INT"]
[Date "2020.12.28"]
[Round "5.8"]
[White "Grieve, Harry"]
[Black "Villiers, Thomas"]
[Result "1-0"]
[WhiteTitle "FM"]
[BlackTitle "CM"]
[WhiteElo "2351"]
[BlackElo "2161"]
[WhiteFideId "426520"]
[BlackFideId "427209"]
[EventDate "2020.12.21"]

1. d4 e6 2. Nf3 Be7 3. e4 d5 4. e5 c5 5. c3 Nc6 6. Bd3 Qb6 7. O-O Bd7 8. dxc5
Bxc5 9. b4 Bf8 10. Re1 Nge7 11. a4 g6 12. a5 Qc7 13. a6 bxa6 14. Rxa6 Bg7 15.
Bf4 O-O 16. Nbd2 d4 17. Nxd4 Nxd4 18. cxd4 Nd5 19. Bg5 Nxb4 20. Ra3 Nxd3 21.
Rxd3 Rfc8 22. Ne4 Qc2 23. Qf3 Bc6 24. Nf6+ Kf8 25. Nxh7+ Ke8 26. Nf6+ Kf8 27.
Qh3 Rab8 28. Qh7 Ba4 29. Qg8+ Ke7 30. Ne4+ Kd7 31. Qxf7+ Kc6 32. Rc3+ Kd5 33.
Rxc2 Bxc2 34. Qd7+ Kc4 35. Nd6+ Kd3 36. Nxc8 Rb1 37. Rxb1 1-0

[Event "Caplin British Online"]
[Site "chess.com INT"]
[Date "2020.12.28"]
[Round "5.9"]
[White "Blackburn, Jonathan L B"]
[Black "Toczek, Grzegorz"]
[Result "0-1"]
[WhiteTitle "FM"]
[BlackTitle "FM"]
[WhiteElo "2235"]
[BlackElo "2271"]
[WhiteFideId "1801090"]
[BlackFideId "1106457"]
[EventDate "2020.12.21"]

1. d4 Nf6 2. c4 c5 3. d5 e6 4. Nc3 exd5 5. cxd5 d6 6. e4 g6 7. h3 Bg7 8. Nf3 O-O
9. Bd3 b5 10. Nxb5 Re8 11. O-O Nxe4 12. Qa4 c4 13. Qxc4 Nc5 14. Bg5 f6 15. Be3
Nxd3 16. Qxd3 Ba6 17. Qb3 Rxe3 18. fxe3 Nd7 19. Nfd4 Nc5 20. Qc4 Qe8 21. Rfe1
Qe4 22. b4 Bxb5 23. Qxb5 Nd3 24. Ne6 Bh6 25. Qc6 Bxe3+ 26. Kh2 Qe5+ 27. g3 Qb2+
28. Kh1 Nf2+ 29. Kg2 Ng4+ 30. Kf3 Qf2+ 31. Ke4 Qf5# 0-1

[Event "Caplin British Online"]
[Site "chess.com INT"]
[Date "2020.12.28"]
[Round "5.11"]
[White "Arora, Tashika"]
[Black "Stubbs, Oliver"]
[Result "0-1"]
[WhiteElo "1744"]
[BlackElo "1905"]
[WhiteFideId "459305"]
[BlackFideId "441325"]
[EventDate "2020.12.21"]

1. d4 Nf6 2. c4 g6 3. Nc3 Bg7 4. e4 d6 5. h3 O-O 6. Be3 e5 7. d5 Na6 8. g4 Nc5
9. f3 a5 10. Qd2 c6 11. Nge2 cxd5 12. cxd5 a4 13. Ng3 Qa5 14. g5 Nfd7 15. h4 a3
16. b3 f5 17. gxf6 Nxf6 18. Rc1 Bd7 19. Rb1 Qb4 20. Nb5 Qxd2+ 21. Kxd2 Ne8 22.
Nxd6 Nxd6 23. Bxc5 Rxf3 24. Bxd6 Rxg3 25. Be2 Rc8 26. Bb4 Bh6+ 27. Kd1 Bg4 28.
Bxa3 Rd3+ 29. Ke1 Re3 30. Rh2 Rc2 31. Rb2 Rc1+ 32. Kf2 Bxe2 33. Rd2 Rf1+ 34. Kg2
Bf4 35. Rh3 Rxh3 36. Rxe2 Rff3 37. d6 Rfg3+ 38. Kf1 Rh1+ 39. Kf2 Rh2+ 40. Kf1
Rf3+ 41. Kg1 Rxe2 42. d7 Rd3 43. Kf1 Rxa2 44. Bb4 Rxd7 45. Bc3 Rd1+ 46. Be1 Bg3
47. h5 Rxe1# 0-1

[Event "Caplin British Online"]
[Site "chess.com INT"]
[Date "2020.12.28"]
[Round "5.12"]
[White "Hebden, Mark L"]
[Black "Gurner, Jem"]
[Result "1-0"]
[WhiteTitle "GM"]
[WhiteElo "2453"]
[BlackElo "1800"]
[WhiteFideId "400084"]
[BlackFideId "67600280"]
[EventDate "2020.12.21"]

1. d4 g6 2. e4 Bg7 3. Nf3 d6 4. Bc4 Nf6 5. Qe2 O-O 6. e5 Ne8 7. c3 d5 8. Bd3 Bg4
9. Nbd2 e6 10. h3 Bxf3 11. Nxf3 Nd7 12. Bg5 f6 13. exf6 Nexf6 14. O-O Qe7 15.
Ne5 c5 16. Rfe1 Rae8 17. Bb5 Qd6 18. Bxf6 Nxf6 19. Bxe8 Rxe8 20. Qb5 cxd4 21.
cxd4 Qe7 22. Rac1 Ne4 23. Rc7 Qd8 24. Qxb7 Bxe5 25. dxe5 Qh4 26. Qxa7 Rf8 27.
Rg7+ Kh8 28. Rf7 Rg8 29. Qe7 Qxe7 30. Rxe7 Rb8 31. Rc1 d4 32. Rd7 d3 33. Rxd3
Rxb2 34. Rd7 1-0

[Event "Caplin British Online"]
[Site "chess.com INT"]
[Date "2020.12.28"]
[Round "5.14"]
[White "Varney, Zoe"]
[Black "Idle, Oscar"]
[Result "1/2-1/2"]
[WhiteElo "1917"]
[BlackElo "1722"]
[WhiteFideId "436135"]
[BlackFideId "439347"]
[EventDate "2020.12.21"]

1. e4 e5 2. Nf3 Nc6 3. Bc4 Nf6 4. d3 Bc5 5. c3 a6 6. a4 d6 7. O-O O-O 8. h3 Ba7
9. Re1 Ne7 10. Nbd2 Ng6 11. Nf1 c6 12. Ba2 Re8 13. Ng3 Be6 14. Bb1 d5 15. d4
dxe4 16. Nxe4 Nxe4 17. Bxe4 exd4 18. cxd4 Bd5 19. Bxd5 Qxd5 20. Be3 Rad8 21. Qc2
Bb8 22. Qc5 Nf4 23. Bxf4 Bxf4 24. Qxd5 cxd5 25. Rxe8+ Rxe8 26. Re1 Kf8 27. Kf1
Rc8 28. g3 Bd6 29. Re3 Rc1+ 30. Kg2 Ra1 31. b3 Rc1 1/2-1/2

[Event "Caplin British Online"]
[Site "chess.com INT"]
[Date "2020.12.28"]
[Round "5.15"]
[White "Shafi, Declan"]
[Black "Balaji, Aaravamudhan"]
[Result "0-1"]
[BlackTitle "CM"]
[WhiteElo "2166"]
[BlackElo "2206"]
[WhiteFideId "2405156"]
[BlackFideId "436224"]
[EventDate "2020.12.21"]

1. d4 f6 2. e4 g6 3. Nc3 Bg7 4. Be3 Nh6 5. Bc4 e6 6. f3 c6 7. d5 b5 8. Bb3 a5 9.
a4 b4 10. Nce2 O-O 11. Qd2 Nf7 12. O-O-O cxd5 13. exd5 e5 14. g4 d6 15. Ng3 f5
16. gxf5 gxf5 17. Nh5 f4 18. Qg2 Qg5 19. Qxg5 Nxg5 20. Bd2 Bh6 21. h4 Nf7 22.
Nf6+ Kh8 23. Nh3 Bf5 24. Nf2 Na6 25. Bc4 Nc5 26. b3 Rfc8 27. N2e4 Nxa4 28. Bb5
Nb6 29. Kb2 Bxe4 30. fxe4 Bf8 31. Ra1 Be7 32. Nh5 Rc7 33. Bc6 Rac8 34. Rxa5 Nd8
35. Bxb4 Nxc6 36. dxc6 Rxc6 37. Rh2 Rb8 38. c3 Rf8 39. Ra7 Nc8 40. Ra1 Rg8 41.
c4 Rg4 42. Rf1 Kg8 43. Rff2 Kf7 44. Rfg2 Rg6 45. Bc3 Nb6 46. Kc2 Nd7 47. Bb4 Nf8
48. Kd3 Ne6 49. Kc3 Ra6 50. Rf2 Ke8 51. Rhg2 Bxh4 52. Rxg6 hxg6 53. Rh2 Be1+ 0-1

[Event "Caplin British Online"]
[Site "chess.com INT"]
[Date "2020.12.28"]
[Round "5.17"]
[White "Oh, Julie"]
[Black "Finn, Peter"]
[Result "0-1"]
[WhiteElo "1168"]
[BlackElo "1959"]
[WhiteFideId "479799"]
[BlackFideId "432156"]
[EventDate "2020.12.21"]

1. e4 e6 2. Nc3 d5 3. d4 dxe4 4. Nxe4 Nd7 5. Nf3 Ngf6 6. Nxf6+ Nxf6 7. Be3 c5 8.
c3 cxd4 9. Bxd4 Be7 10. Be2 O-O 11. O-O b6 12. Bd3 Bb7 13. Qe2 Qc7 14. Ne5 Bc5
15. Bxc5 Qxc5 16. Rad1 Rad8 17. Ng4 Qg5 18. Nxf6+ gxf6 19. Be4 Bxe4 20. Qxe4 Rd2
21. f4 Qc5+ 22. Kh1 Rfd8 23. Rxd2 Rxd2 24. Qb1 Qd5 25. Rg1 Qb5 26. b3 Qe2 27.
Qe1 Qd3 28. Qg3+ Qxg3 29. hxg3 Rxa2 30. Rc1 Kg7 31. Kh2 Kg6 32. c4 Rb2 33. Rc3
Kf5 34. c5 bxc5 35. Rxc5+ e5 36. g4+ Kxf4 37. Rc4+ Kg5 38. Ra4 Rxb3 39. Rxa7 Kg6
40. Re7 Rb6 41. Kg3 Re6 42. Rb7 h6 43. Kf3 Kg7 44. Ke4 Rd6 45. Rb4 Rd7 46. g3
Kg6 47. Rc4 Rd4+ 48. Rxd4 exd4 49. Kxd4 Kg5 50. Ke3 Kxg4 51. Kf2 f5 52. Kg2 f4
53. gxf4 Kxf4 54. Kf2 h5 55. Kg2 Ke3 56. Kf1 f5 57. Ke1 f4 58. Kf1 Kf3 59. Kg1
Ke2 60. Kh2 f3 61. Kg3 f2 62. Kh4 f1=Q 63. Kxh5 Qg2 64. Kh4 Kf3 65. Kh5 Qg7 66.
Kh4 Qg4# 0-1

[Event "Caplin British Online"]
[Site "chess.com INT"]
[Date "2020.12.29"]
[Round "6.1"]
[White "Adams, Michael"]
[Black "Lalic, Bogdan"]
[Result "1/2-1/2"]
[WhiteTitle "GM"]
[BlackTitle "GM"]
[WhiteElo "2716"]
[BlackElo "2402"]
[WhiteFideId "400041"]
[BlackFideId "409081"]
[EventDate "2020.12.21"]

1. c4 c5 2. Nf3 Nc6 3. Nc3 Nf6 4. e3 e6 5. d4 d5 6. cxd5 exd5 7. Bb5 Bd6 8. dxc5
Bxc5 9. O-O O-O 10. b3 a6 11. Bxc6 bxc6 12. Bb2 Bd6 13. Rc1 Bg4 14. Ne2 Rc8 15.
Ne5 Bxe5 16. Bxe5 Re8 17. Bxf6 Qxf6 18. h3 Bxe2 19. Qxe2 c5 20. Qd2 d4 21. exd4
cxd4 22. Rxc8 Rxc8 23. Rd1 Rd8 24. Qd3 Qc6 25. g3 g6 26. h4 h5 27. Rd2 1/2-1/2

[Event "Caplin British Online"]
[Site "chess.com INT"]
[Date "2020.12.29"]
[Round "6.2"]
[White "Cox, Tristan A"]
[Black "Turner, Matthew J"]
[Result "0-1"]
[BlackTitle "GM"]
[WhiteElo "2141"]
[BlackElo "2509"]
[WhiteFideId "410772"]
[BlackFideId "402893"]
[EventDate "2020.12.21"]

1. d4 Nf6 2. c4 e6 3. Nc3 Bb4 4. e3 O-O 5. Bd2 c6 6. Nf3 d5 7. Qc2 Nbd7 8. g4 e5
9. dxe5 Nxg4 10. a3 Ba5 11. b4 Bc7 12. cxd5 Ndxe5 13. Nxe5 Bxe5 14. Bd3 Qh4 15.
O-O-O Nxf2 16. Be1 Nxd3+ 17. Rxd3 Qh6 18. Bd2 Qg6 19. e4 a5 20. b5 cxb5 21. Nxb5
Bd7 22. Nc3 Rac8 23. Kb1 b5 0-1

[Event "Caplin British Online"]
[Site "chess.com INT"]
[Date "2020.12.29"]
[Round "6.3"]
[White "Wadsworth, Matthew J"]
[Black "Ghasi, Ameet K"]
[Result "1/2-1/2"]
[WhiteTitle "IM"]
[BlackTitle "IM"]
[WhiteElo "2416"]
[BlackElo "2485"]
[WhiteFideId "415804"]
[BlackFideId "409200"]
[EventDate "2020.12.21"]

1. c4 g6 2. g3 Bg7 3. Bg2 Nf6 4. Nf3 O-O 5. O-O c6 6. b3 Ne4 7. d4 d5 8. Bb2 Bf5
9. Nh4 Be6 10. cxd5 cxd5 11. Nc3 f5 12. Rc1 Nc6 13. Nf3 Rc8 14. e3 Qd7 15. Ne2
Rc7 16. Nf4 Rfc8 17. Nd3 Qd6 18. Nfe5 Nxe5 19. Rxc7 Nf3+ 20. Bxf3 Rxc7 21. Qe2
Bd7 22. Rc1 Bb5 23. Rxc7 Qxc7 24. a4 Ba6 25. Qd1 Qb6 26. Ba3 e6 27. Nc5 Nxc5 28.
dxc5 Qc7 29. b4 Bc4 30. Be2 Bxe2 31. Qxe2 Qe5 32. Qb5 Qe4 33. Qe8+ Bf8 34. h4 d4
35. exd4 Qe1+ 36. Kg2 Qe4+ 37. Kh2 Qe2 38. Kg2 Qe4+ 39. Kh2 Qe2 40. Kg2 1/2-1/2

[Event "Caplin British Online"]
[Site "chess.com INT"]
[Date "2020.12.29"]
[Round "6.5"]
[White "O'Gorman, Tom"]
[Black "Grieve, Harry"]
[Result "1/2-1/2"]
[WhiteTitle "FM"]
[BlackTitle "FM"]
[WhiteElo "2368"]
[BlackElo "2351"]
[WhiteFideId "2508249"]
[BlackFideId "426520"]
[EventDate "2020.12.21"]

1. d4 d5 2. Nf3 e6 3. Bg5 Be7 4. Bxe7 Qxe7 5. Nbd2 Nf6 6. e3 b6 7. Rc1 Bb7 8.
Bd3 O-O 9. O-O Nbd7 10. c3 c5 11. Qe2 Ne4 12. Bb5 Rac8 13. Bxd7 Qxd7 14. Ne5 Qe7
15. f3 Nxd2 16. Qxd2 f6 17. Nd3 e5 18. dxe5 fxe5 19. f4 Ba6 20. fxe5 Bxd3 21.
Qxd3 Qxe5 22. Rxf8+ Rxf8 23. Rd1 Re8 24. Qxd5+ Qxd5 25. Rxd5 Rxe3 26. Kf2 1/2-1/2

[Event "Caplin British Online"]
[Site "chess.com INT"]
[Date "2020.12.29"]
[Round "6.7"]
[White "Ismail, Mohammed Aayan"]
[Black "Hebden, Mark L"]
[Result "1-0"]
[BlackTitle "GM"]
[WhiteElo "1719"]
[BlackElo "2453"]
[WhiteFideId "465135"]
[BlackFideId "400084"]
[EventDate "2020.12.21"]

1. Nf3 Nf6 2. g3 g6 3. Bg2 Bg7 4. O-O O-O 5. d4 c5 6. c3 Qc7 7. Nbd2 cxd4 8.
cxd4 d5 9. Ne5 Bf5 10. Ndf3 Bc2 11. Qe1 Be4 12. Bf4 Qb6 13. Qd2 Nfd7 14. Rac1
Bxf3 15. Nxd7 Nxd7 16. Bxf3 e6 17. Rfd1 Rfc8 18. Rc3 Qa6 19. a3 Nb6 20. Rdc1 Nc4
21. Qd3 b5 22. e4 Rd8 23. exd5 exd5 24. b3 Nd6 25. Bxd5 Rac8 26. Rxc8 Nxc8 27.
Qf3 Qxa3 28. Bxf7+ Kh8 29. Qc6 Bxd4 30. Be3 Bb2 31. Bg5 Nd6 32. Bxd8 Kg7 33. Bd5
Bxc1 34. Qd7+ Kh6 35. Qh3+ Kg7 36. Qd7+ Kh6 37. Bg8 Kh5 38. Qh3# 1-0

[Event "Caplin British Online"]
[Site "chess.com INT"]
[Date "2020.12.29"]
[Round "6.10"]
[White "Stubbs, Oliver"]
[Black "Villiers, Thomas"]
[Result "0-1"]
[BlackTitle "CM"]
[WhiteElo "1905"]
[BlackElo "2161"]
[WhiteFideId "441325"]
[BlackFideId "427209"]
[EventDate "2020.12.21"]

1. d4 c5 2. d5 e5 3. e4 d6 4. Nc3 g6 5. Bb5+ Nd7 6. a4 Bg7 7. Nf3 Ne7 8. O-O a6
9. Be2 O-O 10. Nd2 f5 11. Nc4 Nf6 12. exf5 gxf5 13. f4 e4 14. Be3 b6 15. Bf2 Bb7
16. Ne3 Qe8 17. Qd2 Rd8 18. Rab1 Qf7 19. Rfd1 a5 20. Bc4 Kh8 21. Ne2 Ng4 22.
Nxg4 fxg4 23. Ng3 Ng6 24. Nxe4 Nxf4 25. Bh4 Qg6 26. Nc3 Rde8 27. Bg3 Bd4+ 28.
Kh1 Be3 29. Bd3 Qh5 30. Qe1 Nxg2 31. Kxg2 Qxd5+ 0-1